000 00545nam a2200217Ia 4500
003 OSt
005 20220928140516.0
006 a|||||r|||| 00| 0
007 ta
008 220927b |||||||| |||| 00| 0 eng d
024 _a9090
037 _cTextual
040 _aSDCL
_cSDCL
_beng
041 _2eng
_aeng
082 _aD6,8(B289), N2
100 _aMurray Katherine Ed.
_9495613
245 0 _aUsing wordstar 7.0
260 _c1992
942 _hD6,8(B289), N2
_cTEXL
_2CC
999 _c811838
_d811838